[Event "Cannes m1"]
[Site "Cannes"]
[Date "2000.04.26"]
[Round "6"]
[White "Tkachiev, Vladislav"]
[Black "Piket, Jeroen"]
[Result "1-0"]
[WhiteElo "2670"]
[BlackElo "2633"]
[Annotator "Ribli,Z"]
[PlyCount "129"]
[EventDate "2000.04.18"]
[EventType "match"]
[EventRounds "8"]
[EventCountry "FRA"]
[SourceTitle "CBM 077"]
[Source "ChessBase"]
[SourceDate "2000.07.27"]
[SourceVersion "1"]
[SourceVersionDate "2000.07.27"]
[SourceQuality "1"]

1. d4 Nf6 2. c4 e6 3. g3 d5 {In der zweiten und vierten Matchpartie wählte
Piket die Slawische Verteidigung, von daher ist diese Eröffnung eine kleine
Überraschung.} 4. Nf3 Be7 5. Bg2 O-O 6. O-O dxc4 {Das ist der - in der
Großmeisterpraxis oft gespielte - klassische Aufbau. Schwarz öffnet die
Stellung und während Weiß das Material zurückgewinnt, kann er die Entwicklung
des Damenflügels beenden.} 7. Qc2 a6 8. a4 {Die Variante 8.Qxc4 b5 9.Qc2 Bb7
bietet Weiß weniger Chancen, weil Schwarz früher oder später durch c7-c5
Ausgleich erreichen kann.} Bd7 9. Qxc4 (9. Rd1) 9... Bc6 10. Bg5 {In einigen
Varianten nimmt Weiß auf f6 und bekommt nach Nc3 und e4 aktives Spiel im
Zentrum.} Bd5 11. Qc2 (11. Qc1 Nc6 12. e3 Nb4 (12... Na5 13. Nbd2 Ne4 14. Bxe7
Qxe7 15. Nxe4 Bxe4 16. Ra3 Nc6 17. Rc3 Rac8 18. Rc5 Nb4 19. Qd2 b6 20. Rc4 a5 {
1/2-1/2 Shumiakina,T-Geller,E/Moscow 1992/CBM 33 (44)}) 13. Bxf6 (13. Nc3 a5
14. Rd1 Rc8 {1/2-1/2 Mikhalevski,V-Khalifman,A/St Petersburg 1999/CBM 72 (14)})
13... Bxf6 14. Nbd2 a5 15. e4 Bc6 16. Qc3 Qd7 17. b3 Rfd8 18. e5 Be7 19. Rfd1
Rac8 20. Nc4 b6 {0-1 Giardelli,S-Zarnicki,P/Buenos Aires 1995/EXT 97 (27)}) (
11. Qd3) 11... Be4 12. Qc1 (12. Qd1 c5 13. Nbd2 Bc6 $11) 12... Nc6 (12... Nbd7
$5 13. Nc3 Bc6 14. Qc2 Bb4 15. Rfe1 Bxf3 (15... h6 16. Bxf6 Nxf6 17. e4 a5 18.
Re2 Qd7 19. Bh3 Qd8 20. Rd1 {1/2-1/2 Ruck,R-Yu,S/Perenyi memorial 2000 (60)})
16. Bxf3 c6 17. Red1 Qa5 18. Bf4 (18. Na2 Bd6 19. Bd2 Qc7 20. Bg2 a5 21. Rac1
Rfd8 22. h3 Bf8 23. e4 e5 {1/2-1/2 Tkachiev,V-Almasi,Z/Senec 1998/EXT 99 (73)})
18... e5 19. dxe5 Nxe5 20. Bg2 Rad8 21. Na2 Rxd1+ 22. Rxd1 Re8 23. Nxb4 Qxb4
24. Bd2 Qc4 25. Qxc4 Nxc4 26. Bc3 {1-0 Filippov,V-Gutov,A/Omsk/Perm 1998/EXT
2000 (49)}) (12... a5 13. Nbd2 $6 (13. Nc3 $5 Bxf3 14. Bxf3 c6 15. Rd1 $14)
13... Bc6 $11 14. Nc4 Bd5 $13 {1-0 Mikhalevski,V-Aseev,K/St Petersburg 1999/
CBM 72/[Ribli] (35)}) 13. Nbd2 $5 {Weiß verteidigt nicht den Pd4, sondern
attackiert sofort den Be4..} (13. e3 Nd5 (13... Nb4 $5 14. Nc3 Bc6 {1/2-1/2
Pigusov,E-Liang Jinrong/Beijing 1997/CBM 61/[Ribli] (37)}) 14. Bxe7 Qxe7 15.
Nc3 Nxc3 16. bxc3 Na5 17. Nd2 Bxg2 18. Kxg2 c5 19. Qb2 Rac8 20. Qb6 Qc7 21.
Rfb1 {1-0 Foisor,C-Amura,C/Jakarta 1993/EXT 97 (44)}) 13... Nxd4 (13... Bf5 $5
14. Bxf6 Bxf6 15. e4 Bg4) (13... Bd5 $2 14. Bxf6 Bxf6 15. e4 $18) 14. Nxd4 Bxg2
15. Nxe6 {Dieser Zwischenzug ist die Pointe des weißen Spiels.} fxe6 16. Kxg2 {
Nach Vereinfachungen behält Weiß die etwas bessere Bauernstruktur.} Qd5+ (16...
c5 17. a5 $5 {[%csl Ga5] Nach diesem Zug bekommt Schwarz Probleme am
Damenflügel - das Feld b6 ist schwach und der Pc5 ein guter Angriffspunkt} Qd5+
18. Nf3 Rad8 19. Qc2 Qc6 20. Qa4 Qxa4 21. Rxa4 Rd5 22. Rc1 h6 23. Be3 {1-0
Kaidanov,G-Bauer,C/New York USA 2000/The Week in Chess 288 (49)}) 17. Nf3 c5
18. Rd1 (18. a5 $5 $14) 18... Qc6 19. Qc2 (19. a5 $14) 19... h6 20. Bf4 (20.
Bxf6 Bxf6 21. Rac1 Bg5 22. Rb1 Rad8 $11) 20... Rfd8 $6 {Dieser mechanische Zug
ist nicht die beste Wahl für Schwarz. Er erlaubt es dem Gegner, mit 21.a5 Raum
zu gewinnen.} (20... b6 $142 $5 21. Qg6 Qe4 22. Qxe4 Nxe4 $11) 21. a5 $1 $14 {
[%csl Ga5][%mdl 32] Dieser Zug verschafft Weiß kleinen, aber dauerhaften
Vorteil. Dank seines Pa5 übt Weiß positionellen Druck am Damenflügel aus.} Rxd1
22. Rxd1 Rd8 (22... Nd5 23. Be5 $14 {[%csl Ge5]}) 23. Rc1 Bf8 24. Qg6 {[%csl
Gg6] Droht auf h6. Mit diesem Zug erzwingt Weiß quasi den Damentausch.} Qe4 (
24... Qe8 25. Qxe8 Rxe8 26. Be3 $14) 25. Qxe4 Nxe4 26. Be3 {[%csl Rc5] Der Pc5
ist der Angriffspunkt in der schwarzen Stellung.} Rd5 27. Ne1 {[%cal Ge1d3]}
Nf6 {Der Springer räumt das Feld e4 von selbst, denn nach f3 oder Kf3 muss er
ohnehin weichen.} 28. Nd3 Nd7 29. Nf4 Rd6 (29... Re5 $2 30. Rd1 $16) 30. Ng6 {
[%csl Gg6]} b6 $6 {Psychologisch ist es verständlich, dass sich Schwarz am
Damenflügel befreien möchte - dieser Zug aber hilft nur Weiß.} (30... Rd5 $5
$14) 31. Bf4 Rc6 (31... Rd5 32. axb6 Nxb6 33. Ra1 $16) 32. Rd1 {[%csl Gd1]
[%cal Rd1d7]} Kf7 33. Nxf8 (33. Rxd7+ Kxg6 34. axb6 Rxb6 35. Be5 $14) 33...
Nxf8 {[#]} 34. Rd6 $1 {Ein sehr starker Zug! Der Turmtausch ist nun erzwungen,
und Weiß bekommt ein chancenreiches Endspiel.} Rxd6 35. Bxd6 {[%mdl 4096]} bxa5
36. Bxc5 $16 {Weiß hat eigentlich einen Bauern mehr - weil die schwarzen
Bauern auf der a-Linie weniger wert sind.} Nd7 37. Ba3 e5 38. Kf3 Ke6 39. e4 h5
40. Ke3 g5 $8 {Sonst spielt Weiß 41.f4.} 41. f3 Nb6 42. h3 Na8 $6 {[%cal Ga8c7]
} (42... Nd7 $142 $16) 43. Bc5 $1 {[%csl Ra8]} (43. g4 hxg4 44. hxg4 Nb6 $14)
43... Kd7 (43... Nc7 44. Bb6 $18) (43... a4 44. Kd3 $16 {[%csl Ra4][%cal Gd3c4,
Gc4b4,Gb4a4]}) 44. Kd3 Nc7 45. Bb6 {Dieser Zug gewinnt einen Bauern, weil
Schwarz um jeden Preis das Bauernendspiel vermeiden muss.} Ne6 (45... a4 $2 46.
Bxc7 Kxc7 47. Kc4 $18) 46. Bxa5 h4 47. Be1 $5 (47. gxh4 Nf4+ 48. Ke3 gxh4 49.
Be1 Nxh3 50. Bxh4 Nf4 $16) 47... Nd4 48. Ke3 hxg3 (48... Nc2+ 49. Ke2 hxg3 (
49... Nxe1 50. Kxe1 hxg3 51. Kf1 $18) 50. Bxg3 $16) 49. Bxg3 Nc6 50. Kd3 Ke6
51. Bf2 (51. Kc4 Nd4 52. f4 $16) 51... Ne7 {[%cal Ge7g6,Gg6f4]} 52. Be3 Kf6 53.
Bb6 $1 {[%cal Rb6d8,Rd8g5]} Nc8 (53... Ng6 54. Bd8+ $18) 54. Bc5 $18 {[%csl
Rc8] Das Bauernendspiel ist immer verloren für Schwarz, aber nun kann er
nichts mehr dagegen tun, weil der Bc5 alle Felder des schwarzen Springers
abdeckt.} Kg6 55. Kc4 Kh5 56. Kd5 Kh4 57. Kxe5 Kxh3 58. Kf5 Kg3 59. Kxg5 Kxf3
60. Kf5 Ke2 61. Ke6 Kd3 62. e5 (62. Kd7 Kxe4 63. Kxc8 $18) 62... Ke4 63. b4 Kf4
64. Kd7 Kxe5 65. Kxc8 1-0

[Event "ITA-chT32nd fin"]
[Site "Castel Lagopesole"]
[Date "2000.05.14"]
[Round "2.1"]
[White "Tkachiev, Vladislav"]
[Black "Huebner, Robert"]
[Result "1-0"]
[WhiteElo "2670"]
[BlackElo "2620"]
[PlyCount "83"]
[EventDate "2000.05.14"]
[EventType "team"]
[EventRounds "2"]
[EventCountry "ITA"]
[SourceTitle "EXT 2002"]
[Source "ChessBase"]
[SourceDate "2001.11.25"]
[SourceVersion "1"]
[SourceVersionDate "2001.11.25"]
[SourceQuality "1"]
[WhiteTeam "Reggio Emilia"]
[BlackTeam "Marostica CS"]
[WhiteTeamCountry "ITA"]
[BlackTeamCountry "ITA"]

1. d4 d5 2. c4 c6 3. Nc3 Nf6 4. e3 a6 5. Qc2 b5 6. b3 Bg4 7. Nge2 Nbd7 8. Bb2
Bh5 9. Nf4 Bg6 10. Nxg6 hxg6 11. Be2 e6 12. g3 Be7 13. Rd1 Qb8 14. Ba1 O-O 15.
Bf3 Re8 16. h4 Nb6 17. c5 Nbd7 18. Ne2 e5 19. dxe5 Nxe5 20. Bxe5 Qxe5 21. Nd4
Rec8 22. b4 a5 23. a3 axb4 24. axb4 Ra4 25. Rb1 Qc7 26. Kf1 Rca8 27. Kg2 Ra2
28. Rb2 Rxb2 29. Qxb2 Nd7 30. h5 gxh5 31. Rxh5 Nf6 32. Rh1 Qd7 33. Ra1 Qb7 34.
Rxa8+ Qxa8 35. Nf5 Bf8 36. Qe5 Qc8 37. Nd4 Nd7 38. Bg4 Nxe5 39. Bxc8 g5 40. Bb7
Bg7 41. Bxc6 Nd3 42. Nc2 1-0

[Event "FIDE-Wch k.o."]
[Site "New Delhi/Teheran"]
[Date "2000.11.30"]
[Round "2.1"]
[White "Tkachiev, Vladislav"]
[Black "Lesiege, Alexandre"]
[Result "1-0"]
[WhiteElo "2657"]
[BlackElo "2584"]
[Annotator "Huzman,A"]
[PlyCount "77"]
[EventDate "2000.11.27"]
[EventType "k.o."]
[EventRounds "7"]
[EventCountry "IND"]
[SourceTitle "CBM 081"]
[Source "ChessBase"]
[SourceDate "2001.03.20"]
[SourceVersion "1"]
[SourceVersionDate "2001.03.20"]
[SourceQuality "1"]

1. d4 d5 2. c4 dxc4 3. e3 Nf6 4. Bxc4 e6 5. Nf3 c5 6. O-O a6 7. Bb3 cxd4 8.
exd4 Nc6 9. Nc3 Be7 10. Bg5 O-O 11. Qd2 Na5 (11... Nb4 12. Ne5 h6 13. Bh4 Nbd5
14. Bxf6 Nxf6 15. Rad1 Qc7 16. f4 Rd8 17. Qe3 b5 18. f5 Qb6 19. fxe6 Bxe6 20.
Ng6 Ra7 21. Rfe1 Bxb3 22. Nxe7+ Rxe7 23. Qxe7 Bxd1 24. Rxd1 Rxd4 $19 {0-1
Colas,J-Sansas,A/FRA-ch21 corr 1956/Corr 2000 (37)}) (11... h6 $1 12. Bxf6 (12.
Bxh6 gxh6 13. Qxh6 Re8 14. Qg5+ Kh8 15. Qh6+ Kg8 $11 (15... Nh7 16. d5 exd5 17.
Bxd5 $44)) 12... Bxf6 13. Rad1 Na5 14. Bc2 b5 15. b3 Bb7 16. Ne4 Rc8 17. Bb1
Bxe4 18. Bxe4 Nc6 19. Rfe1 Ne7 20. Bb1 Nd5 21. Qd3 g6 $17 {1/2-1/2 Gelfand,
B-Shirov,A/New Delhi IND 2000/ (72)}) 12. Bc2 b5 (12... Nc4 $6 13. Qe2 b5 $140
$2 14. Bxf6 Bxf6 15. Qe4 $18) 13. Qf4 Bb7 14. Rad1 g6 (14... Nc4 $2 15. Qh4 g6
(15... h6 $2 16. Bxh6 $40) 16. d5 $1 exd5 (16... Bxd5 17. Ne4 $18) 17. Rfe1 $16
{/+-}) 15. Bh6 Nh5 (15... Re8 16. Ne5 Rc8 17. Be4 $36 Rxc3 18. Bxb7 Rc2 19. d5
$5 (19. Bxa6 Rxb2 20. Rb1 Rxb1 21. Rxb1 Qd5 22. Bg5 Qxa2 23. Rf1 Kg7 24. Bxb5
Rc8 $11) 19... Qd6 (19... Bd6 20. Bc6 Nxc6 21. dxc6 Rc5 22. Qf3 Rd5 (22... Qe7
23. Rxd6 Qxd6 24. Nd7 $1 $16) 23. Rxd5 exd5 24. Nd3 Ne4 25. Rc1 $36) 20. Bxa6
$1 (20. Bc6 Rd8 21. Bg5 Kg7 $11) 20... Rxb2 21. dxe6 Qxe6 22. Nd3 Rxa2 23. Bxb5
$36) 16. Qg4 f5 (16... Re8 17. Ne5 Nf6 (17... b4 18. Nxg6 hxg6 19. Bxg6 fxg6
20. Qxg6+ Kh8 21. Qxh5 bxc3 22. Rd3 $18)) 17. Qh3 Rc8 (17... Re8 18. d5 $1 b4 (
18... exd5 19. Bxf5 $40) 19. Ne2 (19. dxe6 Qc8 20. Ba4 bxc3 21. Bxe8 Qxe8 22.
bxc3 Bf6 23. Rfe1 $13) 19... Bxd5 20. Ba4 Qc7 21. Bxe8 Rxe8 $44) 18. d5 $1 b4 (
18... exd5 19. Bxf8 Qxf8 20. Nd4 $16) 19. dxe6 Bd6 (19... Qb6 20. Bxf8 Bxf8 21.
Na4 Qxe6 22. Ng5 (22. Nd4 $5 Qxa2 23. Bxf5 gxf5 24. Nb6 $16) 22... Qf6 23. Bb3+
Nxb3 24. Qxb3+ Kh8 25. Qf7 $16) 20. Rfe1 Re8 21. Ba4 $1 $18 Re7 22. Bd7 $1 bxc3
23. Rxd6 cxb2 24. Bg5 $1 Rc4 25. Rdd1 Qc7 (25... Nf4 26. Qh6 (26. Qg3 Nxg2 $5
27. Bxe7 Qxe7 (27... Nxe1 $1 28. Bxd8 Nxf3+ 29. Kg2 Ng5+ 30. f3 Bxf3+ 31. Qxf3
Nxf3 32. e7 $18) 28. Qb8+ Kg7 29. Kxg2 Qg5+ 30. Qg3 Bxf3+ 31. Kxf3 Rc3+ 32. Kg2
Rxg3+ 33. hxg3 Qe7 34. Bc8 Kf6 35. Bxa6 $16) 26... Nxg2 (26... Bxf3 27. gxf3
Rc1 28. Bxf4 b1=Q 29. Rxc1 $18) 27. Bb5 Qc7 28. Bxe7 Qxe7 29. Bxc4 Nxc4 30. Ng5
$18) 26. Rb1 Kf8 27. Ne5 Be4 28. Bxe7+ Kxe7 29. Nxc4 Nxc4 30. Rxb2 $1 Qa5 (
30... Nxb2 31. Qa3+ Qd6 32. Qxb2 $18) 31. Rbe2 Ne5 32. Qe3 Nd3 33. Qg5+ Nf6 34.
Rf1 Qe5 35. f3 Nf4 36. Rxe4 Qc5+ 37. Kh1 Nd3 38. Ree1 Qb4 39. Qe3 1-0

[Event "FRA-chT"]
[Site "France"]
[Date "2001.02.02"]
[Round "1.2"]
[White "Tkachiev, Vladislav"]
[Black "Delchev, Aleksander"]
[Result "1-0"]
[WhiteElo "2672"]
[BlackElo "2587"]
[PlyCount "79"]
[EventDate "2001.02.02"]
[EventType "team"]
[EventRounds "11"]
[EventCountry "FRA"]
[SourceTitle "EXT 2002"]
[Source "ChessBase"]
[SourceDate "2001.11.25"]
[SourceVersion "1"]
[SourceVersionDate "2001.11.25"]
[SourceQuality "1"]
[WhiteTeam "Cannes"]
[BlackTeam "Echiquier Nicois"]
[WhiteTeamCountry "FRA"]
[BlackTeamCountry "FRA"]

1. d4 e6 2. c4 Bb4+ 3. Bd2 a5 4. Nf3 d6 5. Nc3 Nf6 6. Qc2 Nc6 7. a3 Bxc3 8.
Bxc3 Qe7 9. e4 e5 10. d5 Nb8 11. Be2 Bg4 12. O-O a4 13. Nh4 Nxd5 14. exd5 Qxh4
15. f4 Bxe2 16. Qxe2 Nd7 17. fxe5 dxe5 18. Bxe5 O-O 19. Bxc7 Rac8 20. d6 Rfe8
21. Qd3 Qe4 22. Qc3 f6 23. Rae1 Qg4 24. Qd3 Qh5 25. h3 Qc5+ 26. Kh1 Ne5 27. d7
Qxc7 28. Qd5+ Kh8 29. dxe8=Q+ Rxe8 30. Qb5 Ra8 31. c5 h6 32. Rc1 Ra5 33. Qe8+
Kh7 34. Rfd1 Ra6 35. Qd8 Qxd8 36. Rxd8 Ra5 37. Rd6 Nc6 38. Rc4 Rb5 39. Rd2 Ne5
40. Rb4 1-0

[Event "Enghien les Bains 4th"]
[Site "Enghien les Bains"]
[Date "2001.04.20"]
[Round "9"]
[White "Tkachiev, Vladislav"]
[Black "Bacrot, Etienne"]
[Result "1-0"]
[WhiteElo "2672"]
[BlackElo "2627"]
[Annotator "Kortschnoj,V"]
[PlyCount "79"]
[EventDate "2001.04.11"]
[EventType "tourn"]
[EventRounds "9"]
[EventCountry "FRA"]
[EventCategory "17"]
[SourceTitle "CBM 083"]
[Source "ChessBase"]
[SourceDate "2001.07.05"]
[SourceVersion "1"]
[SourceVersionDate "2001.07.05"]
[SourceQuality "1"]

1. d4 {Lutz} d5 2. c4 c6 3. Nc3 Nf6 4. e3 e6 5. Nf3 Nbd7 6. Bd3 dxc4 7. Bxc4 b5
8. Bd3 a6 9. e4 c5 10. e5 cxd4 11. Nxb5 Nxe5 12. Nxe5 axb5 13. O-O {'!?' Lutz.
Lutz: 'Dies ist die ältere Variante (im Vergleich zu dem zuletzt populäreren
13.Bxb5+). Weiß opfert einen Bauern, aber Schwraz hat bei genauer Verteidigung
genügend Gegenspiel.'} (13. Bxb5+ {Lutz}) 13... Qd5 14. Qe2 Ba6 15. Bg5 Be7 16.
f4 {So called the Rellstab attack...} O-O 17. Rf3 {Lutz: 'Weiß geht ohne
Hemmungen direkt zum Angriff über. Es droht bereits 18.Bxf6 Bxf6 19.Bxh7+ Kxh7
20.Rh3+ Kg8 21.Qh5 nebst matt. '} Bb7 {Lutz: 'Schwarz pariert indirekt die
weiße Drohung und betont, dass durch den Zug f2-f4 Weiß sich auch entlang der
Diagonalen a8-h1 geschwächt hat.'} 18. Rg3 (18. Bxf6 {Lutz} Bxf6 19. Bxh7+ Kxh7
20. Rh3+ Kg8 21. Qh5 Qxg2#) 18... Rfc8 {'?!' Lutz.  Up to now everything is
well-known: after 19.Bf6 Bf6 white can make a draw by 20.Qh5 g6 21.Bg6 fg 22.
Rg6 hg 23.Qg6 or to continue 20.Bh7 what leads after 20...Kf8 to an unclear
position.  Lutz: 'Dieser Zug ist zu schlapp und schwächt außerdem das Feld f7.'
} (18... Rxa2 {(Lutz) ist der kritische Zug, wonach Schwarz befriedigend steht.
Die Idee besteht nicht so sehr im Bauerngewinn, sondern vielmehr darin, auf
der 2. und 1. Reihe Gegenspiel zu erlangen.} 19. Rxa2 (19. Re1 {Lutz} g6 20. h4
Rfa8 $1 21. h5 Rxb2 $1 22. hxg6 hxg6 23. Bxg6 $2 {Salov,V-Nogueiras,J/
Bruxelles 1988} (23. Qxb2 {Lutz} Ra2 24. Bc4 Rxb2 25. Bxd5 Nxd5 $17 {Garcia,PJ}
) 23... Rxe2 $1 24. Bxf7+ Kg7 25. Bxf6+ Kxf6 26. Rg6+ Kf5 27. Rxe2 Ra3 $1 $19 {
Garcia,PJ}) 19... Qxa2 20. Bxf6 Bxf6 21. Nd7 (21. Bxh7+ {Lutz} Kxh7 22. Rh3+
Kg8 23. Qh5 Qb1+ $19) 21... Be7 22. Nxf8 Bxf8 23. h4 Qa1+ 24. Kh2 Qc1 25. Qe5
Qxb2 26. h5 Qb4 27. Bxb5 Bd5 28. Bd3 Qe7 29. Kh3 Qc5 30. Kh2 Qe7 31. Be4 Bxe4
32. Qxe4 Qc5 33. Rg5 Qd6 34. Rb5 g6 35. Rb3 Qc5 36. hxg6 hxg6 37. Rb8 Qd6 38.
Rc8 Kh7 39. g3 Bg7 40. Rc2 {1/2-1/2 Sasikiran,K-Abdulla,A/Scarborough 1999/CBM
71 ext (40)}) 19. Bxh7+ $1 {But this move is cerrtainly an improvement of the
theoretical line-the bishop cannot be taken!} (19. Bxf6 Bxf6 20. Qh5 (20. Bxh7+
Kf8 $13) 20... g6 21. Bxg6 fxg6 22. Rxg6+ hxg6 23. Qxg6+) 19... Kf8 {Here
white has an extra-tempo: the bishop h7still cannot be taken due to Qh5. But
it seems, the correct continuation of the assault would be a quiet 20.Bd3.} (
19... Kxh7 {Lutz} 20. Bxf6 {nebst Qh5+ und Qxf7+.}) (19... Nxh7 {Lutz} 20. Bxe7
Rxa2 21. Rxg7+ $1 Kxg7 22. Qg4+ Ng5 23. Qxg5+ Kh7 24. Qh5+ Kg7 25. Qxf7+ Kh6
26. Qg6#) 20. Bh6 $5 {'!' Lutz. Whether it is objectively strong or not, it is
a stunnning move! I would not have a pleasure to play black that game.} gxh6
21. Qh5 {'!' Lutz. This is a point of the previous move. Since taking of the
queen would be met by Rg8 mate black must run away with his king.} Ke8 (21...
Nxh5 {Lutz} 22. Rg8#) 22. Qxf7+ Kd8 23. Rg7 {Lutz: 'Weiß hat mutig eine Figur
geopfert. Allerdings ist die Lage alles andere als klar, da Schwarz auch
Gegenspiel entlang der Grundreihe bekommt.'} Qc5 (23... Qd6 $5 {Lutz}) 24. h3 {
Presumably, the whole line had been contemplated by white at home. There is a
nasty threat - Qf6 Bf6 Rd7+ and the black king is to be mated.} Rxa2 $2 {
This greedy move hampers black defence.} ({After} 24... Rc7 $1 {black would
repel the attack and win the game - after} 25. Bg6 Kc8 26. Qxe6+ Kb8 {the
black king would escape from the dangerous zone.}) 25. Rd1 (25. Rxa2 $2 {Lutz}
Qc1+ 26. Kh2 Qxf4+ 27. Rg3 Qxe5 $19) 25... Qd6 $6 {After this move black's
position is lost.} (25... Rc7 {would save the game} 26. Bg6 Bc6 27. Qxe6 Bd5
28. Nf7+ Ke8 29. Nxh6+ Kd8 {white gives a perpetual check.}) 26. Ng6 Rxb2 {
'?' Lutz.} (26... Nd5 27. Rxd4 {and black is helpless.}) (26... Rc7 27. Rg8+
Nxg8 28. Qxg8+ Bf8 (28... Kd7 29. Ne5+) 29. Nxf8 $18) (26... Rc4 $145 $5) (
26... Rca8 {Lutz mit der Idee ...Ra1} 27. Nxe7 (27. Qxe7+ {Lutz} Qxe7 28. Nxe7
Ra1 $17) 27... Ne8 28. Ng6 Ra1 29. Rxa1 Rxa1+ 30. Kh2 Nxg7 31. Qxb7 {mit
weiterhin anhaltendem Angriff, aber die Sache ist noch nicht gegessen.}) 27.
Nxe7 $18 Rxg2+ 28. Rxg2 Bxg2 29. Qxf6 Qxe7 30. Qxe7+ Kxe7 31. Kxg2 Rc4 32. Bd3
Rc5 33. Kf3 Rh5 34. Bf1 Rd5 35. Ke4 Kf6 36. Rb1 d3 37. Bxd3 Rh5 38. Bf1 e5 39.
Rxb5 Rh4 40. Rb6+ 1-0

[Event "EU-ch 2nd"]
[Site "Ohrid"]
[Date "2001.06.05"]
[Round "5"]
[White "Tkachiev, Vladislav"]
[Black "Conquest, Stuart"]
[Result "1-0"]
[WhiteElo "2672"]
[BlackElo "2563"]
[Annotator "Wells,P"]
[PlyCount "75"]
[EventDate "2001.06.01"]
[EventType "swiss"]
[EventRounds "13"]
[EventCountry "YUG"]
[SourceTitle "CBM 084"]
[Source "ChessBase"]
[SourceDate "2001.09.13"]
[SourceVersion "1"]
[SourceVersionDate "2001.09.13"]
[SourceQuality "1"]

1. d4 Nf6 2. c4 c5 3. d5 b5 4. Nf3 Bb7 5. Qc2 bxc4 6. e4 e6 7. Bxc4 exd5 8.
exd5 Be7 9. Nc3 d6 10. O-O Nbd7 11. a4 Nb6 (11... O-O 12. a5 $16 {[%csl Yc4,
Yd5,Rd7]}) 12. Bb5+ Kf8 $14 {[%csl Rf8][%cal Yb5c6,Yd5c6,Gf1e1,Ge1e7,Yb2b4,
Yb4b5]} 13. Bc6 $1 {The best way to give up the pawn both in terms of exacting
further tempi from black as he rounds it up, and of liquidating the b7 bishop
just before it acquires a new lease of life.} Bxc6 14. dxc6 Qc8 {I think this
is the move which Stuart was critical of after the game, but} (14... Rc8 15. a5
{also looks quite problematic.}) 15. b4 $1 {[%csl Rb2,Yb5][%cal Rb2b4,Yb4b5,
Yb3b5] Excellent. White transforms a backward pawn into a space gaining
fighter which further irritates black's long-suffering forces. Of course black
has to go along with this, since if white can retain the c6 pawn the misery is
clear-cut.} Qxc6 (15... cxb4 16. Nb5 $16) 16. b5 Qb7 17. Rd1 h5 18. a5 Nc8 19.
Bg5 {and white's compensation is a matter for admiration not debate!} h4 20.
Bxh4 Rh5 21. Bg3 Kg8 22. Rab1 $16 Bf8 23. Bh4 Ng4 24. Bg3 Nf6 25. h3 d5 26. Be5
Be7 27. Na4 Ne4 28. a6 Qd7 29. Qxe4 dxe4 30. Rxd7 exf3 31. Bg3 c4 32. Bf4 Kf8
33. Be3 Ke8 34. Rc7 Rh4 35. Nc3 Bd8 36. Rb7 Bb6 37. Bxb6 Nxb6 38. Re1+ 1-0

[Event "FRA-chT1"]
[Site "France"]
[Date "2002.02.02"]
[Round "2.1"]
[White "Van Wely, Loek"]
[Black "Tkachiev, Vladislav"]
[Result "0-1"]
[WhiteElo "2697"]
[BlackElo "2634"]
[PlyCount "78"]
[EventDate "2002.02.??"]
[EventType "team"]
[EventRounds "11"]
[EventCountry "FRA"]
[SourceTitle "EXT 2003"]
[Source "ChessBase"]
[SourceDate "2002.11.25"]
[SourceVersion "1"]
[SourceVersionDate "2002.11.25"]
[SourceQuality "1"]
[WhiteTeam "Clichy"]
[BlackTeam "Cannes"]
[WhiteTeamCountry "FRA"]
[BlackTeamCountry "FRA"]

1. c4 e5 2. g3 Nf6 3. Bg2 c6 4. Nf3 e4 5. Nd4 d5 6. cxd5 Qxd5 7. Nc2 Qh5 8. Ne3
Bh3 9. Bxh3 Qxh3 10. Qb3 Qd7 11. Qc2 Na6 12. a3 Bc5 13. Nc3 Qe6 14. b4 Bd4 15.
Bb2 O-O 16. Rb1 Rfe8 17. h3 Rad8 18. Kf1 Nh5 19. Ba1 Nc7 20. g4 Nf4 21. Nf5 Bf6
22. Ng3 Qc4 23. Rc1 Bxc3 24. Bxc3 Nb5 25. Qb2 Nxc3 26. Rxc3 Qd5 27. e3 Qb5+ 28.
Kg1 Ne2+ 29. Nxe2 Qxe2 30. Rc2 Rd3 31. b5 Red8 32. bxc6 Rxd2 33. Rxd2 Rxd2 34.
Qxd2 Qxd2 35. cxb7 Qb2 36. Kg2 Qxb7 37. Rd1 h5 38. Rd4 h4 39. a4 Qc6 0-1

[Event "CRO-chT"]
[Site "Medulin"]
[Date "2002.09.10"]
[Round "2"]
[White "Tkachiev, Vladislav"]
[Black "Hracek, Zbynek"]
[Result "1-0"]
[WhiteElo "2625"]
[BlackElo "2600"]
[PlyCount "147"]
[EventDate "2002.09.09"]
[EventType "team"]
[EventRounds "9"]
[EventCountry "CRO"]
[SourceTitle "CBM 090 Extra"]
[Source "ChessBase"]
[SourceDate "2002.11.07"]
[SourceVersion "1"]
[SourceVersionDate "2002.11.07"]
[SourceQuality "1"]

1. d4 Nf6 2. c4 e6 3. Nf3 b6 4. a3 Ba6 5. Qc2 Bb7 6. Nc3 c5 7. e4 cxd4 8. Nxd4
Bc5 9. Nb3 Nc6 10. Bg5 h6 11. Bh4 Nd4 12. Nxd4 Bxd4 13. Bd3 Be5 14. Bg3 Qc7 15.
Qd2 Bxg3 16. hxg3 a6 17. Qe2 d6 18. O-O-O h5 19. Kb1 g5 20. f3 Rg8 21. Rd2
O-O-O 22. Bc2 Kb8 23. Rhd1 e5 24. Rd3 h4 25. g4 Qxc4 26. Rxd6 Qxe2 27. Nxe2
Rxd6 28. Rxd6 Rg6 29. Rxb6 Rh6 30. Ng1 Kc7 31. Rb3 Nd7 32. Nh3 f6 33. Rc3+ Kd6
34. Rd3+ Kc7 35. Rc3+ Kd6 36. b4 Rh8 37. Bb3 Bc6 38. Bc4 Ra8 39. Nf2 Nb6 40.
Bd3 Bb5 41. Kc1 Nd7 42. Nd1 Nf8 43. Ne3 Ne6 44. Nd5 Rf8 45. Kd2 Nd4 46. Ke3 Rh8
47. Bxb5 axb5 48. Kf2 Ke6 49. Rc1 Rf8 50. Rc5 Kd6 51. Ne3 Ra8 52. Nf5+ Nxf5 53.
gxf5 Rxa3 54. Rxb5 Ra2+ 55. Kg1 Ra6 56. Kh2 Kc7 57. Kh3 Ra1 58. Rc5+ Kd6 59.
Rd5+ Ke7 60. Kh2 Rb1 61. Rb5 Kd6 62. Rb7 g4 63. fxg4 Re1 64. Rf7 Rxe4 65. Rxf6+
Kd5 66. g5 Rxb4 67. g6 Rg4 68. Kh3 Rg3+ 69. Kxh4 Rxg2 70. Kh5 Rh2+ 71. Kg5 Rg2+
72. Kh6 Rh2+ 73. Kg7 Ke4 74. Kf7 1-0